Los ojos sin tierra /

保存先:
書誌詳細
第一著者: Goenaga, Francia Elena
フォーマット: 不明
言語:Spanish
タグ: タグ追加
タグなし, このレコードへの初めてのタグを付けませんか!

MARC

LEADER 000000000a22000000004500
001 009755
041 0 |a spa 
100 1 |a Goenaga, Francia Elena 
245 1 4 |a Los ojos sin tierra /   |c Francia Elena Goenaga. 
310 |a trimestral 
773 0 |x 008-7157  |d La Habana, Cuba : Casa de las Américas  |t Casa de las Américas  |g número 239 (2005), páginas 53-54 
942 |c ARC 
999 |c 17062  |d 17062